000 00804nas a2200277 4500
001 BR0203951
003 BR-BrBNA
005 20231205103150.0
007 ta
008 230509b bl.|||p| |||| 00| 00por d
040 _aBR-BrBNA
_bpor
_cBiblioteca Nacional de Agricultura
041 _a(Pt)
072 _aE72
100 1 _aCamargo Filho, W.P. de
100 1 _aMazzei, A.R.
245 1 _aMercado de beterraba em São Paulo
650 _aBETERRABA
650 _aCOMÉRCIO INTERNO
650 _aCONSUMO
650 _aABASTECIMENTO
650 _aMERCADO
650 _aSÃO PAULO
773 0 _tInformações Econômicas - Instituto de Economia Agrícola (Brazil)
_xISSN 0100-4409
_g(Apr 2002), v. 32(4) p. 54-56
_wBR0203951
909 _a202311
_bLúcia
_c55
_dLúcia Elande
942 _2AGRIS
_n0
_cANA
999 _c171438
_d171438